000 00537nam a2200157 4500
008 170331b xxu||||| |||| 00| 0 eng d
022 _a01153544
082 _aDPer 338.05 En86 Apr-Jul 2015 v. 15, n. 158-161
100 _919724
_aAntiporda, Toni
245 _aThe franchise playbook/
_cToni Antiporda.
260 _aPhilippines:
_bSummit Media,
_cApr-Jul 2015.
300 _av15 n161, pages 75-81:
_billustrations,
_c28 cm.
500 _aEntrepreneur.
650 0 _919725
_aFranchises (retail trade)
_xManagement
942 _2ddc
_cPER
999 _c6525
_d6525